书目信息 |
| 题名: |
古今列女传
|
|
| 作者: | 解缙 撰 | |
| 分册: | ||
| 出版信息: | 北京 中国书店 2018 |
|
| 页数: | 322页 | |
| 开本: | 27cm | |
| 丛书名: | ||
| 单 册: | ||
| 中图分类: | K828.5=2 | |
| 科图分类: | ||
| 主题词: | 妇女--名人--列传--中国--古代 | |
| 电子资源: | ||
| ISBN: | 978-7-5149-1869-4 | |
| 000 | 00980nam0 2200253 450 | |
| 001 | 012001002320 | |
| 005 | 20140926114740.0 | |
| 010 | @a978-7-5149-1869-4@dCNY70.00 | |
| 100 | @a20180513e2018 em y0chiy50 ea | |
| 101 | 0 | @achi |
| 102 | @aCN@b110000 | |
| 105 | @ay z 000yc | |
| 106 | @ar | |
| 200 | 1 | @a古今列女传@9gu jin lie nv zhuan@f(明)解缙等撰 |
| 205 | @a[影印本] | |
| 210 | @a北京@c中国书店@d2018 | |
| 215 | @a322页@d27cm | |
| 300 | @a钦定四库全书·史部 四库全书·传记类 | |
| 330 | @a《古今列女传》三卷。永乐元年,成祖既追上高皇后尊谥册宝,仁孝皇后因复以此书为言,遂命缙及黄淮、胡广、胡俨、杨荣、金幼孜、杨士奇、王洪、蒋骥、沈度等同加编辑。书成上进,帝自制《序》文,刊印颁行。上卷皆历代后妃,中卷诸侯大夫妻,下卷士庶人妻。时仁孝皇后又作《贞烈事实》,以阐幽显微,颇留意於风教。 | |
| 606 | 0 | @a妇女@x名人@x列传@y中国@z古代 |
| 690 | @aK828.5=2@v5 | |
| 701 | 0 | @c(明)@a解缙@9jie jin@4撰 |
| 801 | 0 | @aCN@b上海新华@c20180901 |
| 905 | @b1157830-4@dK828.5=2@e96@f5 | |
| 古今列女传/(明)解缙等撰.-[影印本].-北京:中国书店,2018 |
| 322页;27cm |
| 钦定四库全书·史部 四库全书·传记类 |
| ISBN 978-7-5149-1869-4:CNY70.00 |
| 《古今列女传》三卷。永乐元年,成祖既追上高皇后尊谥册宝,仁孝皇后因复以此书为言,遂命缙及黄淮、胡广、胡俨、杨荣、金幼孜、杨士奇、王洪、蒋骥、沈度等同加编辑。书成上进,帝自制《序》文,刊印颁行。上卷皆历代后妃,中卷诸侯大夫妻,下卷士庶人妻。时仁孝皇后又作《贞烈事实》,以阐幽显微,颇留意於风教。 |
| ● |
| 相关链接 |
|
|
|
|
正题名:古今列女传
索取号:K828.5=2/96
 
预约/预借
| 序号 | 登录号 | 条形码 | 馆藏地/架位号 | 状态 | 备注 |
| 1 | 1157830 | 211578309 | 第二借阅区/ [索取号:K828.5=2/96] | 在馆 | |
| 2 | 1157831 | 211578318 | 第二借阅区/ [索取号:K828.5=2/96] | 在馆 | |
| 3 | 1157832 | 211578327 | 第二借阅区/ [索取号:K828.5=2/96] | 在馆 | |
| 4 | 1157833 | 211578336 | 密集书库-史法系/ [索取号:K828.5=2/96] | 在馆 | |
| 5 | 1157834 | 211578345 | 第二样本阅览室/ [索取号:K828.5=2/96] | 在馆 |